Представление документа в формате RUSMARC

ПолеНазваниеЗначение
  Тип записи a
  Библиографический уровень m
001 Контрольный номер UONB/MAIN/c817f5553e7f47298927ea6cd011244a
005 Дата корректировки 20260419144405.0
010 Индекс ISBN __
d Цена 1 р. 50 к.
9 Тираж 50000 экз.
a ISBN 5-01-002039-4
100 Данные общей обработки __
a Данные общей обработки 20260419d1990 u y0rusy0189 ca
101 Язык документа 0_
a Язык текста rus
102 Страна публикации __
a Страна публикации RU
105 Кодированные данные (монография) __
a Кодированные данные (монография) a z 000yy
200 Заглавие и сведения об ответственности 1_
a Заглавие Шутки в сторону! или Время улыбнуться всерьез
e Сведения, относящиеся к заглавию сборник карикатур
f Первые сведения об ответственности составитель В. И. Мохов, А. В. Рубцов
g Последующие сведения об ответственности автор текста А. В. Рубцов
203 Вид содержания и тип средства __
a Вид содержания Текст
b Характеристика содержания визуальный
c Тип средства непосредственный
210 Выходные данные 1_
a Место издания Москва
c Издательство Прогресс
d Дата издания 1990
215 Физическое описание __
a Объем 111 с.
c Иллюстрации/тип воспроизводства ил.
d Формат 29 см
606 Тематические рубрики 0_
a Основная рубрика Карикатура
j Формальный подзаголовок Альбомы
606 Тематические рубрики 0_
a Основная рубрика Советская графика
j Формальный подзаголовок Альбомы
610 Ключевые слова 0_
a Ключевые слова альбомы карикатур; советская графика альбомы
686 Индексы других классификаций __
a Классификационный индекс 85.156.4
2 Код системы rubbk
702 Вторичная интеллектуальная ответственность _1
a Фамилия Мохов
b Имя (инициалы) В. И.
4 Код отношения 220
702 Вторичная интеллектуальная ответственность _1
a Фамилия Рубцов
b Имя (инициалы) А. В.
g Полное личное имя Александр Вадимович
4 Код отношения 220
4 Код отношения 072
801 Источник записи _0
a Страна RU
b Организация Ульяновская ОНБ
c Дата составления 20260419
g Правила каталогизации RCR
801 Источник записи _1
a Страна RU
b Организация Ульяновская ОНБ
c Дата составления 20260419
g Правила каталогизации RCR
901 Тип документа __
t Тип документа m
909 Создатель записи __
a Создатель записи Оргеткина
b Дата создания записи 20260419